Sorpcia ako perspektívny spôsob na odstraňovanie liečiv z odpadových vôd
Saved in:
| Main Author: | |
|---|---|
| Other Authors: | |
| Format: | Manuscript Book |
| Language: | Slovak |
| Published: |
2021
|
| Subjects: | |
| Online Access: | http://is.stuba.sk/zp/portal_zp.pl?podrobnosti=157679 |
| Tags: |
No Tags, Be the first to tag this record!
|
MARC
| LEADER | 00000ntm a22000003a 4500 | ||
|---|---|---|---|
| 001 | stuzp83762 | ||
| 003 | SK-STU | ||
| 005 | 20210605210428.0 | ||
| 007 | ta | ||
| 008 | 150427s2015----xo-----f-mn---000-0-slo-d | ||
| 040 | |a STU |b slo | ||
| 041 | 0 | |a slo | |
| 100 | 1 | |a Toporcerová, Katarína |u 046290 |k Z4 |4 aut |U FCHPT Ústav chemického a environmentálneho inžinierstva |T FCHPT Oddelenie environmentálneho inžinierstva |X 81985 |U C6290 |Y 120 |7 A00000081985 | |
| 242 | 0 | 1 | |a Sorption as a promising way to remove drugs from wastewater |y eng |
| 245 | 1 | 0 | |a Sorpcia ako perspektívny spôsob na odstraňovanie liečiv z odpadových vôd |
| 260 | |c 2021 | ||
| 650 | 4 | |a odpadová voda |2 slo | |
| 650 | 4 | |a sorpcia |2 slo | |
| 650 | 4 | |a sulfametoxazol |2 slo | |
| 650 | 4 | |a sulfapyridín |2 slo | |
| 650 | 4 | |a wastewater |2 eng | |
| 650 | 4 | |a sorption |2 eng | |
| 650 | 4 | |a sulfamethoxazole |2 eng | |
| 650 | 4 | |a sulfapyridine |2 eng | |
| 700 | 1 | |a Bodík, Igor |u 046290 |k Z1 |4 ths |U FCHPT Ústav chemického a environmentálneho inžinierstva |T FCHPT Oddelenie environmentálneho inžinierstva |X 3340 |U C6290 |Y 120 |7 A000003340 | |
| 856 | 4 | |u http://is.stuba.sk/zp/portal_zp.pl?podrobnosti=157679 | |